Santa Isabel de Aragón, Reina de Portugal (Record no. 95608)
[ view plain ]
| 000 -LEADER | |
|---|---|
| campo de control de longitud fija | 00593nam a2200169 i 4500 |
| 001 - NÚMERO DE CONTROL | |
| campo de control | 95608 |
| 003 - IDENTIFICADOR DE NÚMERO DE CONTROL | |
| campo de control | ES-MaACL |
| 005 - FECHA Y HORA DE LA ÚLTIMA TRANSACCIÓN | |
| campo de control | 20250817063125.0 |
| 007 - CAMPO FIJO DE DESCRIPCIÓN FÍSICA--INFORMACIÓN GENERAL | |
| campo de control de longitud fija | t| |
| 008 - DATOS DE LONGITUD FIJA--INFORMACIÓN GENERAL | |
| campo de control de longitud fija | 050601s1920 sp ||||1| spa d |
| 100 1# - ENTRADA PRINCIPAL--NOMBRE DE PERSONA | |
| Nombre de persona | Llanos y Torriglia, Félix de, |
| Fechas asociadas al nombre | 1868-1949 |
| 9 (RLIN) | 72719 |
| 245 10 - MENCIÓN DEL TÍTULO | |
| Título | Santa Isabel de Aragón, Reina de Portugal |
| Resto del título | : conferencia / |
| Mención de responsabilidad, etc. | Félix de Llanos y Torriglia. |
| 260 ## - PUBLICACIÓN, DISTRIBUCIÓN, ETC. | |
| Lugar de publicación, distribución, etc. | Madrid : |
| Nombre del editor, distribuidor, etc. | Bloud and Gay, |
| Fecha de publicación, distribución, etc. | 1920. |
| 600 07 - PUNTO DE ACCESO ADICIONAL DE MATERIA--NOMBRE DE PERSONA | |
| Nombre de persona | Isabel, |
| Títulos y otros términos asociados al nombre | Reina consorte de Dionisio I, Rey de Portugal, Santa, |
| Fechas asociadas al nombre | 1271-1336 |
| Fuente del encabezamiento o término | |
| 9 (RLIN) | 156092 |
| 852 ## - LOCALIZACIÓN | |
| Ubicación | ES-MaACL |
| Número de control de estantería | 1583-F-22 |
| Estatus retirado | Estado de pérdida | Estado de daño | No para préstamo | Colección | Biblioteca de origen | Biblioteca actual | Ubicación en estantería | Fecha de adquisición | Fuente de adquisición | Total de préstamos | Signatura topográfica completa | Código de barras | Visto por última vez | Precio de reemplazo | Tipo de ítem Koha |
|---|---|---|---|---|---|---|---|---|---|---|---|---|---|---|---|
| Colección de folletos | Biblioteca del Ateneo de Madrid | Biblioteca del Ateneo de Madrid | Depósito folletos | 17/01/2008 | 1583-F-22 | 1099833 | 23/02/2023 | 23/02/2023 | Folleto |
